|
|
|
|
| LEADER |
00000nbm0a2200000 4500 |
| 001 |
182391 |
| 005 |
20231031171305.0 |
| 035 |
|
|
|a (RuTPU)RU\TPU\book\197726
|
| 090 |
|
|
|a 182391
|
| 100 |
|
|
|a 20100621d1968 k y0rusy50 ca
|
| 101 |
0 |
|
|a rus
|
| 102 |
|
|
|a RU
|
| 105 |
|
|
|a a p 000zy
|
| 200 |
1 |
|
|a Бетатронный дефектоскоп БД-2
|e Отчет о НИР
|f Томский политехнический институт (ТПИ), Научно-исследовательский институт электронной интроскопии ; руководитель В. И. Горбунов ; А. В. Покровский
|
| 210 |
|
|
|a Томск
|d 1968
|
| 215 |
|
|
|a 29 л.
|
| 610 |
1 |
|
|a отчеты о НИР
|
| 610 |
1 |
|
|a бетатронные дефектоскопы
|
| 610 |
1 |
|
|a опытная эксплуатация
|
| 610 |
1 |
|
|a толстостенные стальные сосуды
|
| 610 |
1 |
|
|a сварные швы
|
| 610 |
1 |
|
|a контроль
|
| 610 |
1 |
|
|a рекомендации
|
| 610 |
1 |
|
|a качество
|
| 675 |
|
|
|a 620.15
|v 3
|
| 675 |
|
|
|a 539.1.076.613
|v 3
|
| 702 |
|
1 |
|a Горбунов
|b В. И.
|c российский ученый, физик
|c Заслуженный профессор Томского политехнического университета
|f 1929-2008
|g Владимир Иванович
|2 stltpush
|3 (RuTPU)RU\TPU\pers\19778
|4 673
|
| 702 |
|
1 |
|a Покровский
|b А. В.
|4 677
|
| 712 |
0 |
2 |
|a Томский политехнический институт (ТПИ)
|b Научно-исследовательский институт электронной интроскопии
|2 stltpush
|3 (RuTPU)RU\TPU\col\12415
|4 595
|
| 801 |
|
1 |
|a RU
|b 63413507
|c 20100621
|
| 801 |
|
2 |
|a RU
|b 63413507
|c 20130614
|g RCR
|
| 942 |
|
|
|c BK
|